Влияние эксплуатационных параметров на характеристики пневматических молотков; Известия Томского политехнического университета [Известия ТПУ]; Т. 310, № 2
| Parent link: | Известия Томского политехнического университета [Известия ТПУ]/ Томский политехнический университет (ТПУ).— , 2000- Т. 310, № 2.— 2007.— [С. 60-63] |
|---|---|
| Yazar: | |
| Özet: | Заглавие с титульного листа Электронная версия печатной публикации Освещаются результаты экспериментального исследования влияния температуры и давления сжатого воздуха, усилия нажатия на характеристики работы пневматических молотков. Показано, что при увеличении температуры сжатого воздуха энергетические параметры возрастают тем значительней, чем ниже исходная степень сжатия в задней камере, а расход воздуха уменьшается неодинаково для различных типов молотков. Установлено, что при увеличении усилия нажатия расход воздуха возрастает до определенного предела и наиболее значительно у отбойного молотка с подпружиненным вентилем. |
| Dil: | Rusça |
| Baskı/Yayın Bilgisi: |
2007
|
| Seri Bilgileri: | Математика и механика. Физика |
| Konular: | |
| Online Erişim: | http://www.lib.tpu.ru/fulltext/v/Bulletin_TPU/2007/v310/i2/12.pdf |
| Materyal Türü: | MixedMaterials Elektronik Kitap Bölümü |
| KOHA link: | https://koha.lib.tpu.ru/cgi-bin/koha/opac-detail.pl?biblionumber=172090 |
MARC
| LEADER | 00000nla2a2200000 4500 | ||
|---|---|---|---|
| 001 | 172090 | ||
| 005 | 20231031164207.0 | ||
| 035 | |a (RuTPU)RU\TPU\book\186575 | ||
| 035 | |a RU\TPU\book\186572 | ||
| 090 | |a 172090 | ||
| 100 | |a 20091210d2007 k y0rusy50 ca | ||
| 101 | 0 | |a rus | |
| 102 | |a RU | ||
| 135 | |a drnn ---uucaa | ||
| 181 | 0 | |a i | |
| 182 | 0 | |a b | |
| 200 | 1 | |a Влияние эксплуатационных параметров на характеристики пневматических молотков |b Электронный ресурс |f А. Н. Глазов | |
| 203 | |a Текст |c электронный | ||
| 215 | |a 1 файл (616 Кб) | ||
| 225 | 1 | |a Математика и механика. Физика | |
| 230 | |a Электронные текстовые данные (1 файл : 616 Кб) | ||
| 300 | |a Заглавие с титульного листа | ||
| 300 | |a Электронная версия печатной публикации | ||
| 320 | |a [Библиогр.: с. 63 (2 назв.)] | ||
| 330 | |a Освещаются результаты экспериментального исследования влияния температуры и давления сжатого воздуха, усилия нажатия на характеристики работы пневматических молотков. Показано, что при увеличении температуры сжатого воздуха энергетические параметры возрастают тем значительней, чем ниже исходная степень сжатия в задней камере, а расход воздуха уменьшается неодинаково для различных типов молотков. Установлено, что при увеличении усилия нажатия расход воздуха возрастает до определенного предела и наиболее значительно у отбойного молотка с подпружиненным вентилем. | ||
| 337 | |a Adobe Reader | ||
| 461 | 1 | |0 (RuTPU)RU\TPU\book\176237 |t Известия Томского политехнического университета [Известия ТПУ] |f Томский политехнический университет (ТПУ) |d 2000- | |
| 463 | 1 | |0 (RuTPU)RU\TPU\book\186512 |x 1684-8519 |t Т. 310, № 2 |v [С. 60-63] |d 2007 |p 269 с. | |
| 610 | 1 | |a эксплуатационные параметры | |
| 610 | 1 | |a пневматические молотки | |
| 610 | 1 | |a экспериментальные исследования | |
| 610 | 1 | |a температура | |
| 610 | 1 | |a давление | |
| 610 | 1 | |a сжатый воздух | |
| 610 | 1 | |a энергетические параметры | |
| 610 | 1 | |a камеры | |
| 610 | 1 | |a расход | |
| 610 | 1 | |a отбойные молотки | |
| 610 | 1 | |a подпружиненный вентиль | |
| 610 | 1 | |a труды учёных ТПУ | |
| 610 | 1 | |a электронный ресурс | |
| 700 | 1 | |a Глазов |b А. Н. |c российский специалист в области горного машиностроения |c доцент Томского политехнического университета, кандидат технических наук |f 1941- |g Алкон Наумович |2 stltpush |3 (RuTPU)RU\TPU\pers\25459 | |
| 801 | 1 | |a RU |b 63413507 |c 20090623 |g PSBO | |
| 801 | 2 | |a RU |b 63413507 |c 20211115 |g PSBO | |
| 856 | 4 | |u http://www.lib.tpu.ru/fulltext/v/Bulletin_TPU/2007/v310/i2/12.pdf | |
| 942 | |c CF | ||